| 000 | 00992cam a22003133a 4500 | ||
|---|---|---|---|
| 001 | 31 | ||
| 003 | PGUSA | ||
| 005 | 20140828082942.0 | ||
| 008 | 060308s2006||||xxu|||||s|||||000 d eng d | ||
| 040 |
_aPGUSA _beng |
||
| 042 | _adc | ||
| 050 | 4 | _aPA | |
| 100 | 1 |
_aSophocles, _d-496--406 |
|
| 245 | 1 | 0 |
_aPlays of Sophocles : _bOedipus the King; Oedipus at Colonus; Antigone _h[electronic resource] / _cSophocles |
| 260 |
_bProject Gutenberg, _c2006 |
||
| 500 | _aThree Greek plays | ||
| 505 | 0 | _aOedipus the King -- Oedipus at Colonus -- Antigone. | |
| 506 | _aPublic domain in the USA. | ||
| 516 | _aElectronic text | ||
| 653 | _aAntigone (Greek mythology) -- Drama | ||
| 653 | _aOedipus (Greek mythology) -- Drama | ||
| 653 | _aTragedies | ||
| 653 | _aGreek drama (Tragedy) -- Translations into English | ||
| 700 | 1 |
_aStorr, Francis, _d1839-1919 |
|
| 740 | 0 | _aOedipus Trilogy | |
| 830 | 0 |
_aProject Gutenberg _v31 |
|
| 856 | 4 | 0 | _uhttp://www.gutenberg.org/ebooks/31 |
| 942 | _cEB | ||
| 999 |
_c229402 _d229402 |
||